000 00539nam a2200193Ia 4500
005 20250508152201.0
008 008 250505s9999 xx 000 0 eng d
037 _aTextual
040 _aFEDL
_beng
_cFEDL
041 _aeng
_2eng
084 _a330, SMI
_qFEDL
100 _aSmith Adam
245 0 _aInquiry into the nature and causes of the wealth of Nations
260 _aNew York, USA
_bThe Modern Library
_c1937
300 _alx,976p
650 _aEducation
942 _cTEXL
_h330, SMI
999 _c1334818
_d1334818